000 nam a22 a 4500
999 _c60884
_d60884
003 BLK
005 20230408030317.0
008 180408b bul|||||r ||||||| ||bul||
010 _aKNG00065072000
040 _aBLK
041 _aBUL
_cBUL
080 _aОснови на възпитанието (материални, теоретични, философски и др.). Педагогика
_b37.01
_x(075.8)
_z37.01(075.8)
100 1 _aДимитров, Найден Йорданов
_eпърви автор
_9290246
139 _aДимитров, Найден Йорданов
245 1 0 _aПедагогика
_bУчебник за студентите от ВИИ Карл Маркс : Ч. 1 -
_cНайден Йорданов Димитров.
_nЧ. 1
257 _aBGR
260 _aСофия
_bВИИ Карл Маркс
_c1973 -
300 _c21 см
380 _a3
500 _aОвс. изд.
650 4 _aПедагогика - учебници за ВУЗ
_9244165
653 _aпедагогика
653 _aучебници за ВУЗ
760 1 _aДимитров, Найден Йорданов
_d1973
_h117 с., 21 см
_tЧ. 1
852 _aЦб 68910
856 4 _qpdf
856 4 _qpdf
942 _cKNG
_n0
_s1
944 _aCR
_c13.06.2004
_kЧиталня
944 _aED
_c2022-08-08
_kир
999 _d60884